Normal view
MARC view
- PROJECT MANAGEMENT.ENTERPRISE WIDE PROJECT MANAGEMENT
Entry Topical Term
001 - CONTROL NUMBER
- control field: 64736
003 - CONTROL NUMBER IDENTIFIER
- control field: NUST
005 - DATE AND TIME OF LATEST TRANSACTION
- control field: 20210628203326.0
008 - FIXED-LENGTH DATA ELEMENTS
- fixed length control field: 210628|| aca||aabn | a|a d
040 ## - CATALOGING SOURCE
- Original cataloging agency: NUST
- Transcribing agency: NUST
150 ## - HEADING--TOPICAL TERM
- Topical term or geographic name entry element: PROJECT MANAGEMENT.ENTERPRISE WIDE PROJECT MANAGEMENT
670 ## - SOURCE DATA FOUND
- Source citation: Work cat.: (NUST): Hubbard, Darrel.G, Bolles, Dennis.L 64735, The power of enterprise-wide project management, 2007
